Normal view
MARC view
Entry Personal Name
001 - CONTROL NUMBER
- control field: 413
003 - CONTROL NUMBER IDENTIFIER
- control field: BD-RjUL
005 - DATE AND TIME OF LATEST TRANSACTION
- control field: 20211228140319.0
008 - FIXED-LENGTH DATA ELEMENTS
- fixed length control field: 211228|| aca||aabn | a|a d
040 ## - CATALOGING SOURCE
- Original cataloging agency: BD-RjUL
- Transcribing agency: BD-RjUL
100 ## - HEADING--PERSONAL NAME
- Personal name: منصوري، محمود الإمام ;; Manṣūrī, Maḥmūd al-Imām
670 ## - SOURCE DATA FOUND
- Source citation: Work cat.: (BD-RjUL)79082: إبن حجر العسقلاني، أحمد بن علي ;; Ibn Ḥajar al-ʻAsqalānī, Aḥmad ibn ʻAlī, 1372-1449. هـ 410, نخبة الفكر في مصطلح اهل الاثر. ;; Nukhbat al-fikar fī muṣṭalaḥ ahl al-athar /